000 00364pab a2200157 454500
008 180718b1998 xxu||||| |||| 00| 0 eng d
100 _aSharma, Dhirendra
245 _aTerror of nuclear winter
260 _c1998
300 _ap.13
362 _a29 Apr
650 _aNuclear energy
650 _aNuclear weapons
773 _aHindustan Times
909 _a38452
999 _c38452
_d38452